<?xml version="1.0" encoding="UTF-8"?>
<record
    xmlns:xsi="http://www.w3.org/2001/XMLSchema-instance"
    xsi:schemaLocation="http://www.loc.gov/MARC21/slim http://www.loc.gov/standards/marcxml/schema/MARC21slim.xsd"
    xmlns="http://www.loc.gov/MARC21/slim">

  <leader>01202nam a2200229Ia 4500</leader>
  <controlfield tag="001">L890-39588</controlfield>
  <controlfield tag="003">IT-CnALBA</controlfield>
  <controlfield tag="008">170116s9999||||xx |||||||||||||| ||und||</controlfield>
  <datafield tag="040" ind1=" " ind2=" ">
    <subfield code="a">IT-CnALBA</subfield>
    <subfield code="c">IT-CnALBA</subfield>
  </datafield>
  <datafield tag="041" ind1=" " ind2=" ">
    <subfield code="a">ITALIANO</subfield>
  </datafield>
  <datafield tag="100" ind1=" " ind2=" ">
    <subfield code="a">SERRA FRANCO, DIR. RESPONS.</subfield>
  </datafield>
  <datafield tag="245" ind1=" " ind2="0">
    <subfield code="a">ARCOBALENO DI UNA VITA. POESIE. </subfield>
  </datafield>
  <datafield tag="250" ind1=" " ind2=" ">
    <subfield code="a">1a ed.</subfield>
  </datafield>
  <datafield tag="260" ind1=" " ind2=" ">
    <subfield code="a">FIRENZE</subfield>
    <subfield code="b">L'AUTORE LIBRI</subfield>
    <subfield code="c">1999 [1&#xB0; Ed.:1999 - Ed.Ling.Originale: 1999]</subfield>
  </datafield>
  <datafield tag="300" ind1=" " ind2=" ">
    <subfield code="a">103 p. </subfield>
  </datafield>
  <datafield tag="500" ind1=" " ind2=" ">
    <subfield code="a">CURATORE PROHEMIO EDITORIALE. CII COMPONIMENTI POETICI. NUOVO GIORNO. DI FRONTE ALLA MORTE. ESAUSTO VIANDANTE. RITRATTO. ATMOSFERA. RICORDO INDELEBILE. PERPLESSITA'. OTTOBRE. TRAMONTO. SETTEMBRE. PIOGGIA. ATTESA. SALUTO, ULTIMO. CARATTERE. VISIONE DI VENE</subfield>
  </datafield>
  <datafield tag="501" ind1=" " ind2=" ">
    <subfield code="a">Societ&#xE0; San Paolo EM - Piazza San Paolo, 14 - 12051 ALBA (CN)  (non commercial uses only) &#xAE; Copyright 2017</subfield>
  </datafield>
  <datafield tag="520" ind1=" " ind2=" ">
    <subfield code="a">CURATORE PROHEMIO EDITORIALE. CII COMPONIMENTI POETICI. NUOVO GIORNO. DI FRONTE ALLA MORTE. ESAUSTO VIANDANTE. RITRATTO. ATMOSFERA. RICORDO INDELEBILE. PERPLESSITA'. OTTOBRE. TRAMONTO. SETTEMBRE. PIOGGIA. ATTESA. SALUTO, ULTIMO. CARATTERE. VISIONE DI VENE</subfield>
  </datafield>
  <datafield tag="650" ind1=" " ind2=" ">
    <subfield code="a">LETTERATURE IN ALTRE LINGUE</subfield>
  </datafield>
  <datafield tag="942" ind1=" " ind2=" ">
    <subfield code="c">BK</subfield>
  </datafield>
  <datafield tag="957" ind1=" " ind2=" ">
    <subfield code="7">1</subfield>
  </datafield>
  <datafield tag="999" ind1=" " ind2=" ">
    <subfield code="a">44543</subfield>
    <subfield code="b">NO</subfield>
    <subfield code="g"> Copie: 1 </subfield>
    <subfield code="c">298574</subfield>
    <subfield code="d">298574</subfield>
  </datafield>
  <datafield tag="952" ind1=" " ind2=" ">
    <subfield code="0">0</subfield>
    <subfield code="1">0</subfield>
    <subfield code="4">0</subfield>
    <subfield code="6">L_89039588</subfield>
    <subfield code="7">1</subfield>
    <subfield code="a">ALBA</subfield>
    <subfield code="b">ALBA</subfield>
    <subfield code="d">2017-01-16</subfield>
    <subfield code="l">0</subfield>
    <subfield code="o">L890-39588</subfield>
    <subfield code="r">2017-01-16 00:00:00</subfield>
    <subfield code="w">2017-01-16</subfield>
    <subfield code="y">BK</subfield>
    <subfield code="z">(data import: 16 gennaio 2017) - By Epidotti, Vaglietti. </subfield>
  </datafield>
</record>
